La vida breve /
שמור ב:
| מחבר ראשי: | |
|---|---|
| פורמט: | לא ידוע |
| שפה: | Spanish |
| יצא לאור: |
Buenos Aires :
Sudamericana,
1968.
|
| נושאים: | |
| תגים: |
הוספת תג
אין תגיות, היה/י הראשונ/ה לתייג את הרשומה!
|
MARC
| LEADER | 000000000a22000000004500 | ||
|---|---|---|---|
| 001 | 011770 | ||
| 041 | 0 | |a spa | |
| 082 | 0 | 4 | |a U863.4 |b O58v |
| 100 | 1 | |a Onetti, Juan Carlos, |d 1909-1994 | |
| 245 | 1 | 3 | |a La vida breve / |c Juan Carlos Onetti. |
| 260 | 1 | |a Buenos Aires : |b Sudamericana, |c 1968. | |
| 300 | |a 294 páginas | ||
| 500 | |a Material disponible en BCMA | ||
| 650 | 4 | |a LITERATURA URUGUAYA | |
| 650 | 4 | |a NOVELA | |
| 500 | |a Colección George Yúdice | ||
| 999 | |c 17800 |d 17800 | ||
| 942 | |c BK |h U863.4 O58v |2 z | ||
